00385nam a22001337a 450000500170000000800410001702000150005808200190007310000170009224500690010926000400017830000180021865000150023620241219003927.0241219b |||||||| |||| 00| 0 eng d a9559564218 26947a305bNAN aRatnapala, N aBehaviour Modification Among Commercial Sex Workers of Sri Lanka aNugegodabNandasena Ratnapalac1995 axxii, 103 p., aSex Worker